000 00850nam a2200289Ia 4500
001 A8517
003 IT-RoPAU
008 130308s9999 xx 000 0 und d
040 _aIT-RoPAU
040 _cIT-RoPAU
041 _aITALIANO
100 _aGherardi Luciano
100 _gCodice Aut. SPICS: 36479
245 _aParola franca (La): la lingua viva dalla traduzione alla creatività
245 _bLinguaggio Liturgico (Il)-Prospettive metodologiche e indicazioni Pastorali
250 _a1a ed.
260 _aBOLOGNA
260 _bEDB - Edizioni Dehoniane
260 _c1981 [1° Ed.:1981 - Ed.Ling.Originale:1980]
300 _a"19 p. (prefazione: no ; testo: 19 [pagine: 205-223])"
650 _aLITURGIA E DRAMMATURGIA
650 _eCodice materia Spics: 9162
942 _cBK
957 _71
999 _c63956
_d63956
999 _bSI
999 _g1